Spell the Marvel Character #10 - Statistics

General Stats
  • This quiz has been taken 80 times
  • The average score is 6 of 8
Answer Stats
Picture Answer % Correct
Silver Surfer
100%
Hawkeye
94%
Howard the Duck
94%
Elektra
92%
Union Jack
78%
She-Hulk
71%
Lockheed
44%
Karma
25%
No matching quizzes found
Score Distribution
Percent of People with Each Score
Percentile by Number Answered
Your Score History
You have not taken this quiz